00291nam a2200109Ia 4500082001200000100002700012245004800039260002600087300001000113650004100123710001700164 aTG.0232 aGupta, Jagdish Chandra 0aEconomics of the railway transport in India c1972bAgra University a293p. aRAILWAYS - ECONOMIC ASPECTS - INDIA  aBansal, M.L.